000 01166nac a22003251i 4500
003 EG-ScBUE
005 20241017105234.0
008 241017t2007 f a f b 001 0 eng d
020 _a1584884762 (alk. paper)
020 _a9781584884767
035 _a(OCoLC)ocm71552460
035 _a(OCoLC)71552460
040 _aEG-ScBUE
_beng
_erda
_cEG-ScBUE
_dEG-ScBUE
082 0 4 _a515.352
_bSWI
_222
100 1 _aSwift, Randall J.,
_eauthor.
245 1 2 _aA course in ordinary differential equations /
_cRandall J. Swift, Stephen A. Wirkus.
264 1 _aBoca Raton, FL :
_bChapman & Hall/CRC,
_c[2007]
264 1 _cc2007
300 _a667 pages :
_billustrations ;
_c25 cm
336 _2rdacontent
_atext
_btxt
337 _aunmediated
_2rdamedia
_bn
338 _avolume
_bnc
_2rdacarrier
504 _aIncludes bibliographical references and index.
650 7 _aDifferential equations.
_2BUEsh
650 7 _aDifferential equations, Linear.
_2BUEsh
655 _vReading book
700 1 _aWirkus, Stephen Allen,
_d1971-
_eauthor.
856 4 2 _3Publisher description
_uhttp://www.loc.gov/catdir/enhancements/fy0668/2006049297-d.html
942 _cBB
_2ddc
999 _c2008
_d2008